The hardenability of steels : concepts, metallurgical influences, and industrial applications /

Guardado en:
Autor Principal: Siebert, Clarence Arnold, 1907-1976.
Otros Autores: Doane, Douglas V., 1918-, Breen, Dale H., 1925-
Formato: Libro
Idioma:English
Publicado: Metals Park, Ohio : American Society for Metals, c1977.
Materias:
Etiquetas: Agregar Etiqueta
Sin Etiquetas, Sea el primero en etiquetar este registro!
LEADER 00840pam a22002175a 4500
001 EIQ.libpla002469
008 770627s1977####ohua#####b####001#0#eng#d
005 20070620165408.0
245 1 4 |a The hardenability of steels :  |b concepts, metallurgical influences, and industrial applications /  |c Clarence A. Siebert, Douglas V. Doane, Dale H. Breen. 
260 |a Metals Park, Ohio :  |b American Society for Metals,  |c c1977. 
300 |a vi, 218 p. :  |b il. ;  |c 24 cm. 
504 |a Incluye referencias bibliográficas e índice. 
100 1 |a Siebert, Clarence Arnold,  |d 1907-1976. 
700 1 |a Doane, Douglas V.,  |d 1918- 
700 1 |a Breen, Dale H.,  |d 1925- 
082 0 0 |a 672/.3/6 
650 0 |a Acero  |x Dureza. 
650 0 |a Steel  |x Hardenability. 
010 |a  77022649  
040 |a DLC  |c DLC  |d AR-BbSID 
859 |a AR-BbSID  |b BIB. PLAPIQUI  |h 672.36  |i Si 21  |p 2121